| 000 | 00668nam a2200229Ia 4500 | ||
|---|---|---|---|
| 003 | OSt | ||
| 005 | 20221006165904.0 | ||
| 006 | a|||||r|||| 00| 0 | ||
| 007 | ta | ||
| 008 | 221006b |||||||| |||| 00| 0 hin d | ||
| 024 | _a5,174 | ||
| 037 | _cTextual | ||
| 040 |
_aFML _cFML _bhin |
||
| 041 |
_2hin _ahin |
||
| 082 | _aNR44xK00,1, 15J2, K2 -; .1 | ||
| 100 |
_aBhatt Vishvambhar Nath Tr. _9680702 |
||
| 245 | 0 |
_aSangeet Darpan _b Damodar |
|
| 260 |
_aHathras _bSangeet Karyalaya India _c1962 |
||
| 300 |
_a120 _ccm. |
||
| 942 |
_hNR44xK00,1, 15J2, K2 -; .1 _cTEXL _2CC |
||
| 999 |
_c1122376 _d1122376 |
||